| 000 | 00417cam a2200169ua 4500 | ||
|---|---|---|---|
| 041 |
_amal _h |
||
| 082 |
_a894.8124 _bKUT/IN |
||
| 100 | _aKuttikrishna, Marar . | ||
| 245 |
_aIngunninnangolam / _cKuttikrishna Marar. _hTextual Documents |
||
| 260 |
_aThrissur : _bCurrent Books , _c1966. |
||
| 300 | _a142 ; . | ||
| 504 | _a | ||
| 942 | _cBK | ||
| 999 |
_c5792 _d5792 |
||